MARC

LEADER 00000nam0a2200000 4500
001 318691
005 20231102003113.0
035 |a (RuTPU)RU\TPU\book\344192 
090 |a 318691 
100 |a 20160503d1956 m y0rusy50 ca 
101 0 |a rus 
102 |a RU 
105 |a a z 001zy 
200 1 |a Кварцевое стекло  |e [брошюра]  |f В. П. Прянишников  |g под ред. А. С. Соколова 
210 |a Москва  |c Промстройиздат  |d 1956 
215 |a 80 с.  |c ил. 
320 |a Библиогр.: с. 80 
606 1 |a Стекло кварцевое  |2 stltpush  |3 (RuTPU)RU\TPU\subj\80282  |9 88026 
610 1 |a физико-химические свойства 
610 1 |a производство 
610 1 |a применение 
610 1 |a изделия 
610 1 |a ассортимент 
675 |a 666.19  |v 4 
700 1 |a Прянишников  |b В. П.  |g Вадим Павлович 
702 1 |a Соколов  |b А. С.  |4 340 
801 1 |a RU  |b 63413507  |c 20160503 
801 2 |a RU  |b 63413507  |c 20200731  |g RCR 
942 |c BK